[Event "Chigorin Memorial 30th"]
[Site "St Petersburg"]
[Date "2023.10.24"]
[Round "4"]
[White "Levin, Evgeny A"]
[Black "Popov, Maksim1"]
[Result "1/2-1/2"]
[WhiteElo "2478"]
[BlackElo "2338"]
[PlyCount "79"]
[EventDate "2023.10.21"]
[EventType "swiss"]
[EventRounds "9"]
[EventCountry "RUS"]
[SourceTitle "Mega2024 Update 01"]
[Source "Chessbase"]
[SourceDate "2023.11.12"]
[SourceVersion "1"]
[SourceVersionDate "2023.11.12"]
[SourceQuality "1"]

1. d4 Nf6 2. c4 g6 3. Nc3 Bg7 4. e4 d6 5. Nf3 0-0 6. Be2 e5 7. 0-0 Bg4 8. dxe5 Bxf3 9. exf6 Bxe2 10. Qxe2 Qxf6 11. Nd5 Qd8 12. Bf4 Nc6 13. Rad1 Nd4 14. Qd2 Ne6 15. Be3 Re8 16. f3 c6 17. Nf4 Bh6 18. Rf2 Bxf4 19. Bxf4 Nxf4 20. Qxf4 Qa5 21. b3 Rad8 22. Rfd2 Qc5+ 23. Kh1 Re6 24. h3 a5 25. Rd4 b6 26. Qc1 f5 27. Qg5 Rf8 28. exf5 Rxf5 29. Qd8+ Rf8 30. Qd7 Rfe8 31. Re4 Rxe4 32. fxe4 Rxe4 33. Rf1 d5 34. Qf7+ Kh8 35. Qf6+ Kg8 36. cxd5 cxd5 37. Qf7+ Kh8 38. Qf6+ Kg8 39. Qf7+ Kh8 40. Qf6+ 1/2-1/2

[Event "RUS-chT Rapid"]
[Site "Sochi"]
[Date "2023.10.18"]
[Round "3.19"]
[White "Levin, Evgeny A"]
[Black "Akhmedov, David"]
[Result "1/2-1/2"]
[WhiteElo "2478"]
[BlackElo "2240"]
[PlyCount "75"]
[EventDate "2023.10.18"]
[EventType "team-swiss (rapid)"]
[EventRounds "9"]
[EventCountry "RUS"]
[SourceTitle "Mega2024 Update 01"]
[Source "Chessbase"]
[SourceDate "2023.11.12"]
[SourceVersion "1"]
[SourceVersionDate "2023.11.12"]
[SourceQuality "1"]
[WhiteTeam "St Petersburg SShOR"]
[BlackTeam "Moscow Botvinnik School"]
[WhiteTeamCountry "RUS"]
[BlackTeamCountry "RUS"]

1. Nf3 Nf6 2. b3 c5 3. Bb2 e6 4. e3 b6 5. g3 Bb7 6. Bg2 Be7 7. 0-0 0-0 8. c4 d5 9. Nc3 dxc4 10. bxc4 Nc6 11. Qe2 Rc8 12. Rad1 Qc7 13. Ne1 Rfd8 14. f4 Nb4 15. d3 Bxg2 16. Nxg2 a6 17. a3 Nc6 18. g4 Rb8 19. a4 Rd7 20. f5 exf5 21. gxf5 Re8 22. Nf4 Nb4 23. Qg2 Bf8 24. e4 b5 25. axb5 axb5 26. Nxb5 Qd8 27. Qf3 Nc6 28. Nc3 Ne5 29. Qe2 Bd6 30. Ncd5 Nxd5 31. Nxd5 Qh4 32. Qg2 f6 33. Kh1 Rb7 34. Bc3 Rf8 35. Bxe5 Bxe5 36. Rg1 Qh6 37. Rb1 Rfb8 38. Rxb7 1/2-1/2

[Event "RUS-ch Rapid"]
[Site "Sochi"]
[Date "2023.10.16"]
[Round "11"]
[White "Levin, Evgeny A"]
[Black "Savchenko, Boris"]
[Result "1/2-1/2"]
[WhiteElo "2478"]
[BlackElo "2513"]
[PlyCount "44"]
[EventDate "2023.10.15"]
[EventType "swiss (rapid)"]
[EventRounds "11"]
[EventCountry "RUS"]
[SourceTitle "Mega2024 Update 01"]
[Source "Chessbase"]
[SourceDate "2023.11.12"]
[SourceVersion "1"]
[SourceVersionDate "2023.11.12"]
[SourceQuality "1"]

1. d4 e6 2. c4 d5 3. Nf3 c6 4. e3 f5 5. Nc3 Nf6 6. Ne5 Be7 7. Be2 0-0 8. 0-0 Nbd7 9. f4 Ne4 10. Nxe4 Nxe5 11. fxe5 dxe4 12. Bd2 c5 13. Bc3 Bg5 14. Qd2 cxd4 15. Bxd4 a5 16. Rad1 Qe7 17. Bb6 Qb4 18. Qd4 Qa4 19. Qc3 Qb4 20. Qd4 Qa4 21. Qc3 Qb4 22. Qd4 Qa4 1/2-1/2

[Event "RUS-ch Blitz"]
[Site "Sochi"]
[Date "2023.10.14"]
[Round "6"]
[White "Mikhailovsky, Vladimir"]
[Black "Levin, Evgeny A"]
[Result "0-1"]
[WhiteElo "2215"]
[BlackElo "2478"]
[PlyCount "68"]
[EventDate "2023.10.14"]
[EventType "swiss (blitz)"]
[EventRounds "13"]
[EventCountry "RUS"]
[SourceTitle "Mega2024 Update 01"]
[Source "Chessbase"]
[SourceDate "2023.11.12"]
[SourceVersion "1"]
[SourceVersionDate "2023.11.12"]
[SourceQuality "1"]

1. e4 d5 2. exd5 Qxd5 3. Nc3 Qd8 4. d4 c6 5. g3 Bf5 6. Bg2 e6 7. Nge2 Nd7 8. 0-0 Be7 9. a4 a5 10. h3 h6 11. g4 Bh7 12. Bf4 Ngf6 13. Bh2 0-0 14. Qc1 Nd5 15. Ne4 N7f6 16. Nxf6+ Bxf6 17. c3 Re8 18. Rd1 Qb6 19. Nf4 Bg5 20. Nxd5 exd5 21. f4 Bh4 22. Qd2 Re7 23. f5 Rae8 24. Bf1 Bg5 25. Qc2 g6 26. Bd3 gxf5 27. gxf5 Re3 28. Kg2 Bxf5 29. Be5 Rxd3 30. Rxd3 Bxd3 31. Qf2 f6 32. h4 Be4+ 33. Kh2 Rxe5 34. hxg5 Rxg5 0-1

[Event "RUS-ch Blitz"]
[Site "Sochi"]
[Date "2023.10.14"]
[Round "11"]
[White "Polschikov, Alexey"]
[Black "Levin, Evgeny A"]
[Result "1/2-1/2"]
[WhiteElo "2384"]
[BlackElo "2478"]
[PlyCount "74"]
[EventDate "2023.10.14"]
[EventType "swiss (blitz)"]
[EventRounds "13"]
[EventCountry "RUS"]
[SourceTitle "Mega2024 Update 01"]
[Source "Chessbase"]
[SourceDate "2023.11.12"]
[SourceVersion "1"]
[SourceVersionDate "2023.11.12"]
[SourceQuality "1"]

1. d4 Nf6 2. c4 e6 3. g3 c5 4. d5 exd5 5. cxd5 d6 6. Nc3 g6 7. Bg2 Bg7 8. Nf3 0-0 9. 0-0 Re8 10. Bf4 Bf5 11. Rc1 Ne4 12. Nh4 Nxc3 13. bxc3 Bg4 14. Nf3 b5 15. Qd2 a5 16. Rfe1 b4 17. c4 Bxf3 18. Bxf3 a4 19. Qd3 Ra6 20. h4 Nd7 21. Qc2 Ne5 22. Bg2 Qb6 23. Rb1 Rb8 24. h5 b3 25. axb3 axb3 26. Qc1 b2 27. Qc2 Qb3 28. Qxb3 Rxb3 29. Bxe5 Bxe5 30. hxg6 hxg6 31. Be4 f5 32. Bd3 Kg7 33. Kg2 Ra1 34. f4 Bd4 35. Rh1 Kf6 36. Rhf1 Raa3 37. Rf3 Rc3 1/2-1/2

[Event "St Petersburg Rapid 2023"]
[Site "St Petersburg"]
[Date "2023.08.27"]
[Round "11"]
[White "Zakhartsov, Vladimir"]
[Black "Levin, Evgeny A"]
[Result "1-0"]
[WhiteElo "2525"]
[BlackElo "2478"]
[PlyCount "123"]
[EventDate "2023.08.26"]
[EventType "swiss (rapid)"]
[EventRounds "11"]
[EventCountry "RUS"]
[SourceTitle "EXT 2024"]
[Source "ChessBase"]
[SourceDate "2023.10.10"]
[SourceVersion "1"]
[SourceVersionDate "2023.10.10"]
[SourceQuality "1"]

1. e4 e6 2. d4 d5 3. Nd2 c5 4. exd5 Qxd5 5. dxc5 Nf6 6. Nb3 Qxd1+ 7. Kxd1 Nbd7 8. Bb5 a6 9. Ba4 Be7 10. Nf3 0-0 11. Be3 Nd5 12. Bd4 f6 13. c4 Nb4 14. a3 Nd3 15. c6 N7c5 16. Nxc5 Bxc5 17. Bxc5 Nxc5 18. Bc2 bxc6 19. b4 Nd7 20. Ke2 c5 21. Rhd1 Rb8 22. Rab1 Kf7 23. Ba4 Ke7 24. Bc6 Rd8 25. b5 Nb6 26. Rdc1 Bd7 27. Bxd7 Rxd7 28. Nd2 Na4 29. Nb3 axb5 30. Na5 Kf7 31. cxb5 Rc7 32. Nc6 Ra8 33. Rc4 Ke8 34. Kd3 Nb6 35. Rb3 Rd7+ 36. Kc3 Na4+ 37. Kc2 Rc7 38. Re3 Kf7 39. Kb3 Nb6 40. Rxc5 Rd7 41. Nb4 e5 42. Rc6 Rb7 43. Rec3 Raa7 44. Na6 Nd5 45. R3c5 Nf4 46. Kc4 Ne6 47. Rd5 Nd4 48. Rc8 Rxb5 49. Rxb5 Rxa6 50. Rb7+ Kg6 51. Rcc7 Rxa3 52. Rxg7+ Kf5 53. Ra7 Rxa7 54. Rxa7 h5 55. Kd5 Nb5 56. Rg7 Nc3+ 57. Kc4 Ne4 58. f3 Ng5 59. h4 Ne6 60. g4+ hxg4 61. fxg4+ Kf4 62. Rg6 1-0

[Event "St Petersburg Blitz 2023"]
[Site "St Petersburg"]
[Date "2023.08.25"]
[Round "10"]
[White "Levin, Evgeny A"]
[Black "Skatchkov, Valery"]
[Result "1-0"]
[WhiteElo "2478"]
[BlackElo "2213"]
[PlyCount "89"]
[EventDate "2023.08.25"]
[EventType "game (blitz)"]
[EventRounds "11"]
[EventCountry "RUS"]
[SourceTitle "EXT 2024"]
[Source "ChessBase"]
[SourceDate "2023.10.10"]
[SourceVersion "1"]
[SourceVersionDate "2023.10.10"]
[SourceQuality "1"]

1. d4 Nf6 2. Nf3 e6 3. Bg5 h6 4. Bh4 c5 5. e3 b6 6. Nbd2 Bb7 7. c3 Be7 8. Bd3 d5 9. Ne5 Nbd7 10. f4 g5 11. Bg3 Bd6 12. 0-0 Qe7 13. a4 a6 14. Qe2 Rg8 15. Rf2 h5 16. fxg5 Bxe5 17. gxf6 Bxf6 18. Raf1 h4 19. Rxf6 hxg3 20. Rxf7 gxh2+ 21. Kh1 Qxf7 22. Rxf7 Kxf7 23. Qh5+ Ke7 24. Nf3 Raf8 25. b4 cxb4 26. cxb4 Rg7 27. Qh4+ Kd6 28. Qxh2+ Ke7 29. Qc7 Bc8 30. Ne5 Kf6 31. Qd6 Rh8+ 32. Kg1 Nxe5 33. dxe5+ Kg5 34. Qxb6 Rhg8 35. Qd4 Kh5 36. Be2+ Kg6 37. Qf4 Bd7 38. Bd3+ Kh5 39. Qh2+ Kg5 40. Qg3+ Kh5 41. Qh3+ Kg5 42. Qg3+ Kh5 43. Be2+ Kh6 44. Qh4+ Kg6 45. Qh5# 1-0

[Event "Voronezh Petrovsky op"]
[Site "Voronezh"]
[Date "2022.06.15"]
[Round "7"]
[White "Levin, Evgeny A"]
[Black "Ibadov, Dashgyn"]
[Result "1/2-1/2"]
[WhiteElo "2495"]
[BlackElo "2220"]
[PlyCount "68"]
[EventDate "2022.06.10"]
[EventType "swiss"]
[EventRounds "9"]
[EventCountry "RUS"]
[SourceTitle "EXT 2023"]
[Source "ChessBase"]
[SourceDate "2022.10.05"]
[SourceVersion "1"]
[SourceVersionDate "2022.10.05"]
[SourceQuality "1"]

1. d4 Nf6 2. c4 c5 3. d5 b5 4. cxb5 a6 5. bxa6 e6 6. Nc3 exd5 7. Nxd5 Be7 8. Nxe7 Qxe7 9. Bf4 d5 10. e3 0-0 11. Nf3 Rd8 12. Bb5 Bxa6 13. Bxa6 Rxa6 14. 0-0 Nc6 15. Qe2 Rda8 16. a3 Ne4 17. Rfd1 Qe6 18. Nd2 c4 19. Nxe4 Qxe4 20. Rac1 Rb6 21. Qf3 Qxf3 22. gxf3 Rxb2 23. Rxd5 Ne7 24. Rc5 h6 25. Bd6 Ng6 26. R1xc4 Ra6 27. Bg3 Rxa3 28. Rc8+ Kh7 29. Rc2 h5 30. h4 Rb1+ 31. Kg2 f6 32. f4 Rab3 33. f5 Nh8 34. Bd6 Rb7 1/2-1/2

[Event "Voronezh Petrovsky op"]
[Site "Voronezh"]
[Date "2022.06.13"]
[Round "5"]
[White "Levin, Evgeny A"]
[Black "Chigaev, Maksim"]
[Result "1/2-1/2"]
[WhiteElo "2495"]
[BlackElo "2631"]
[PlyCount "21"]
[EventDate "2022.06.10"]
[EventType "swiss"]
[EventRounds "9"]
[EventCountry "RUS"]
[SourceTitle "EXT 2023"]
[Source "ChessBase"]
[SourceDate "2022.10.05"]
[SourceVersion "1"]
[SourceVersionDate "2022.10.05"]
[SourceQuality "1"]

1. d4 d5 2. c4 c6 3. Nf3 Nf6 4. e3 Bf5 5. Nc3 e6 6. Bd3 Bxd3 7. Qxd3 Nbd7 8. 0-0 Be7 9. e4 dxe4 10. Nxe4 0-0 11. Bf4 1/2-1/2

[Event "Voronezh Petrovsky op"]
[Site "Voronezh"]
[Date "2022.06.12"]
[Round "4"]
[White "Aminov, Andrey"]
[Black "Levin, Evgeny A"]
[Result "0-1"]
[WhiteElo "2349"]
[BlackElo "2495"]
[PlyCount "106"]
[EventDate "2022.06.10"]
[EventType "swiss"]
[EventRounds "9"]
[EventCountry "RUS"]
[SourceTitle "EXT 2023"]
[Source "ChessBase"]
[SourceDate "2022.10.05"]
[SourceVersion "1"]
[SourceVersionDate "2022.10.05"]
[SourceQuality "1"]

1. e4 c5 2. Nf3 d6 3. d4 cxd4 4. Nxd4 Nf6 5. f3 e5 6. Nb3 d5 7. Bg5 d4 8. c3 Nc6 9. Bb5 h6 10. Bh4 Qb6 11. Bxc6+ bxc6 12. cxd4 Ba6 13. Bf2 Rd8 14. Qc2 exd4 15. N1d2 Bb4 16. Rc1 c5 17. a3 Qb5 18. Qd1 Bxd2+ 19. Nxd2 Qxb2 20. Qa4+ Bb5 21. Qc2 Qxc2 22. Rxc2 Nd7 23. Bg3 Bd3 24. Rc1 Rc8 25. Kf2 Ke7 26. Nb3 f6 27. Rhe1 Ke6 28. a4 g6 29. Red1 Ba6 30. Rd2 Ke7 31. h4 h5 32. Bf4 Rhe8 33. Rdc2 Bd3 34. Rd2 Ba6 35. Rdc2 c4 36. Nxd4 Nc5 37. Ra1 Nb3 38. Rd1 Red8 39. Be3 Rd6 40. Kg3 Ke8 41. Kf4 c3 42. e5 Rd5 43. exf6 Rc4 44. g4 Kf7 45. Kg3 Nxd4 46. Rxd4 Rdxd4 47. Bxd4 Rxd4 48. Rxc3 Rc4 49. Re3 Kxf6 50. Re8 Rxa4 51. Rh8 Kg7 52. Rd8 Bc4 53. Rd4 Bb3 0-1

[Event "Voronezh Petrovsky op"]
[Site "Voronezh"]
[Date "2022.06.12"]
[Round "3"]
[White "Levin, Evgeny A"]
[Black "Maneluk, Daniil"]
[Result "1/2-1/2"]
[WhiteElo "2495"]
[BlackElo "2297"]
[PlyCount "66"]
[EventDate "2022.06.10"]
[EventType "swiss"]
[EventRounds "9"]
[EventCountry "RUS"]
[SourceTitle "EXT 2023"]
[Source "ChessBase"]
[SourceDate "2022.10.05"]
[SourceVersion "1"]
[SourceVersionDate "2022.10.05"]
[SourceQuality "1"]

1. d4 Nf6 2. c4 g6 3. Nc3 d5 4. cxd5 Nxd5 5. e4 Nxc3 6. bxc3 Bg7 7. Bb5+ c6 8. Ba4 0-0 9. Ne2 c5 10. 0-0 Nc6 11. Be3 Na5 12. dxc5 Qc7 13. Nf4 e6 14. Qe2 Bd7 15. Bxd7 Qxd7 16. Rab1 Rfd8 17. Rfc1 Rac8 18. g3 Qa4 19. Rb4 Qc6 20. h4 Bf8 21. Rb5 Qc7 22. Nd3 a6 23. Bf4 Qd7 24. Rxa5 Qxd3 25. Qxd3 Rxd3 26. Be3 Rc6 27. Kf1 Rd7 28. Rb1 Rdc7 29. Bf4 Rd7 30. Be3 Rdc7 31. Bf4 Rd7 32. Be3 Rdc7 33. Bf4 Rd7 1/2-1/2

[Event "Cheliabinsk Variation-A"]
[Site "Cheliabinsk"]
[Date "2022.04.10"]
[Round "9"]
[White "Agmanov, Zhandos"]
[Black "Levin, Evgeny A"]
[Result "0-1"]
[WhiteElo "2431"]
[BlackElo "2502"]
[PlyCount "64"]
[EventDate "2022.04.01"]
[EventType "swiss"]
[EventRounds "9"]
[EventCountry "RUS"]
[SourceTitle "CBM 207 Extra"]
[Source "ChessBase"]
[SourceDate "2022.05.31"]
[SourceVersion "1"]
[SourceVersionDate "2022.05.31"]
[SourceQuality "1"]

1. e4 e6 2. d4 d5 3. Nc3 Nf6 4. Bg5 dxe4 5. Nxe4 Nbd7 6. Nf3 h6 7. Nxf6+ Nxf6 8. Be3 Bd6 9. Bd3 0-0 10. Qe2 b6 11. 0-0-0 Bb7 12. Rhg1 Nd5 13. g4 Nf4 14. Bxf4 Bxf4+ 15. Kb1 g6 16. Be4 Bxe4 17. Qxe4 Qf6 18. Ne5 Bxe5 19. dxe5 Qxf2 20. Rgf1 Rad8 21. Rde1 Qxh2 22. g5 h5 23. Rf6 Kg7 24. Qf3 Rd7 25. a3 h4 26. Rf4 Qg3 27. Qe4 Rd4 28. Qxd4 Qxe1+ 29. Ka2 c5 30. Qd6 h3 31. Qe7 h2 32. Qf6+ Kg8 0-1

[Event "Cheliabinsk Variation-A"]
[Site "Cheliabinsk"]
[Date "2022.04.01"]
[Round "1"]
[White "Khubukshanov, Erdem"]
[Black "Levin, Evgeny A"]
[Result "1/2-1/2"]
[WhiteElo "2342"]
[BlackElo "2502"]
[PlyCount "48"]
[EventDate "2022.04.01"]
[EventType "swiss"]
[EventRounds "9"]
[EventCountry "RUS"]
[SourceTitle "CBM 207 Extra"]
[Source "ChessBase"]
[SourceDate "2022.05.31"]
[SourceVersion "1"]
[SourceVersionDate "2022.05.31"]
[SourceQuality "1"]

1. e4 e6 2. d4 d5 3. e5 c5 4. c3 Nc6 5. Nf3 Qb6 6. Bd3 cxd4 7. 0-0 Bd7 8. Re1 Rc8 9. Nbd2 Nge7 10. Rb1 Ng6 11. Nb3 dxc3 12. bxc3 Qc7 13. Qe2 Be7 14. h4 0-0 15. h5 Nh4 16. Nxh4 Bxh4 17. Nd4 Be7 18. Nb5 Qb8 19. h6 g6 20. Bf4 f6 21. Qg4 f5 22. Qg3 Nd8 23. Nd6 Rxc3 24. Qe3 b6 1/2-1/2

[Event "Cheliabinsk Lozovatsky Memorial-A"]
[Site "Cheliabinsk"]
[Date "2022.01.24"]
[Round "3"]
[White "Levin, Evgeny A"]
[Black "Nugumanov, Bakhtiyar"]
[Result "1/2-1/2"]
[WhiteElo "2485"]
[BlackElo "2364"]
[PlyCount "180"]
[EventDate "2022.01.22"]
[EventType "swiss"]
[EventRounds "10"]
[EventCountry "RUS"]
[SourceTitle "CBM 206 Extra"]
[Source "ChessBase"]
[SourceDate "2022.03.31"]
[SourceVersion "1"]
[SourceVersionDate "2022.03.31"]
[SourceQuality "1"]

1. d4 e6 2. c4 f5 3. Nc3 Nf6 4. e3 b6 5. Bd3 Bb7 6. f3 Bd6 7. Nge2 0-0 8. 0-0 Nc6 9. a3 Nh5 10. Nb5 Be7 11. Bd2 a6 12. Nbc3 Bd6 13. b4 Qh4 14. f4 a5 15. b5 Ne7 16. Qe1 Ng6 17. Qxh4 Nxh4 18. e4 fxe4 19. Bxe4 Bxe4 20. Nxe4 Nf6 21. Nxf6+ Rxf6 22. a4 Bf8 23. Rac1 Bb4 24. Be3 Nf5 25. Bf2 Nd6 26. c5 Ne4 27. cxb6 cxb6 28. Rc7 Nxf2 29. Rxf2 d6 30. Rc6 Re8 31. Kf1 e5 32. fxe5 Rxf2+ 33. Kxf2 dxe5 34. Nc1 exd4 35. Nd3 Bd2 36. Rxb6 Re3 37. Ra6 Rxd3 38. Ke2 Ra3 39. Kxd2 Rxa4 40. Kd3 h5 41. b6 Rb4 42. Rxa5 Rxb6 43. Rxh5 Rb2 44. Rg5 Kf7 45. Kxd4 Kf6 46. Rg3 g5 47. Kc3 Ra2 48. Rg4 Kf5 49. h3 Kf6 50. Kd3 Kf5 51. Ke3 Ra3+ 52. Kf2 Ra2+ 53. Kg3 Ra3+ 54. Kh2 Rb3 55. Rg3 Rb4 56. Rf3+ Kg6 57. Kg3 Ra4 58. Rd3 Rb4 59. Kf3 Rf4+ 60. Ke3 Ra4 61. Rd6+ Kf5 62. Rd5+ Kg6 63. Rd4 Ra2 64. Kf3 Kh5 65. Re4 Ra3+ 66. Kf2 Ra2+ 67. Kg1 Rb2 68. Kh2 Ra2 69. Re3 Kg6 70. Rc3 Ra4 71. Kg3 Rb4 72. Kf3 Kf5 73. Rc5+ Kg6 74. Rc6+ Kf5 75. g4+ Ke5 76. Rc3 Ra4 77. Re3+ Kf6 78. Rb3 Ke5 79. Rb5+ Kf6 80. Ke3 Ra3+ 81. Ke4 Rxh3 82. Rb6+ Kg7 83. Kf5 Rh6 84. Rb7+ Kg8 85. Kxg5 Rc6 86. Rb5 Kg7 87. Rb7+ Kg8 88. Kh5 Ra6 89. g5 Rc6 90. g6 Rc1 1/2-1/2

[Event "Cheliabinsk Lozovatsky Memorial-A"]
[Site "Cheliabinsk"]
[Date "2022.01.23"]
[Round "2"]
[White "Harutjunyan, Gevorg"]
[Black "Levin, Evgeny A"]
[Result "1/2-1/2"]
[WhiteElo "2415"]
[BlackElo "2485"]
[PlyCount "36"]
[EventDate "2022.01.22"]
[EventType "swiss"]
[EventRounds "10"]
[EventCountry "RUS"]
[SourceTitle "CBM 206 Extra"]
[Source "ChessBase"]
[SourceDate "2022.03.31"]
[SourceVersion "1"]
[SourceVersionDate "2022.03.31"]
[SourceQuality "1"]

1. e4 e6 2. d4 d5 3. Nc3 Nf6 4. Bg5 dxe4 5. Nxe4 Nbd7 6. Nf3 h6 7. Nxf6+ Nxf6 8. Be3 Bd6 9. Bd3 b6 10. Qe2 Bb7 11. Ne5 0-0 12. 0-0-0 Nd5 13. Bd2 Qh4 14. g4 Nb4 15. Bxb4 Bxh1 16. Rxh1 Bxb4 17. Qe4 f5 18. gxf5 Qxe4 1/2-1/2

[Event "Cheliabinsk Lozovatsky Memorial-A"]
[Site "Cheliabinsk"]
[Date "2022.01.22"]
[Round "1"]
[White "Levin, Evgeny A"]
[Black "Kholopov, Alexander A"]
[Result "1-0"]
[WhiteElo "2485"]
[BlackElo "2248"]
[PlyCount "63"]
[EventDate "2022.01.22"]
[EventType "swiss"]
[EventRounds "10"]
[EventCountry "RUS"]
[SourceTitle "CBM 206 Extra"]
[Source "ChessBase"]
[SourceDate "2022.03.31"]
[SourceVersion "1"]
[SourceVersionDate "2022.03.31"]
[SourceQuality "1"]

1. d4 d5 2. c4 dxc4 3. Nf3 a6 4. e3 b5 5. a4 Bb7 6. b3 e6 7. bxc4 bxc4 8. Bxc4 Nf6 9. 0-0 c5 10. Nbd2 Nbd7 11. Rb1 Bc6 12. Ba3 Be7 13. Qc2 0-0 14. Rfc1 Bxf3 15. Nxf3 cxd4 16. Bxe7 Qxe7 17. Nxd4 Rfc8 18. Qa2 Nc5 19. a5 g6 20. Qa3 Rc7 21. Be2 Nd5 22. Rc2 Kf8 23. Bf3 Rac8 24. Bxd5 exd5 25. Rbc1 h5 26. h3 Ke8 27. Qb2 Ne6 28. Nxe6 Rxc2 29. Rxc2 Rxc2 30. Qb8+ Kd7 31. Nf8+ Kc6 32. Qb6# 1-0

[Event "Sousse BICA op 1st"]
[Site "Sousse"]
[Date "2021.12.24"]
[Round "1"]
[White "Levin, Evgeny A"]
[Black "El Gheiadi, Ibrahim"]
[Result "1-0"]
[WhiteElo "2485"]
[BlackElo "1714"]
[PlyCount "99"]
[EventDate "2021.12.24"]
[EventType "swiss"]
[EventRounds "9"]
[EventCountry "TUN"]
[SourceTitle "CBM 205 Extra"]
[Source "ChessBase"]
[SourceDate "2022.01.31"]
[SourceVersion "1"]
[SourceVersionDate "2022.01.31"]
[SourceQuality "1"]

1. d4 d5 2. c4 c6 3. Nf3 Nf6 4. e3 e6 5. b3 Bb4+ 6. Nbd2 Qa5 7. a3 Ne4 8. Bb2 Nxd2 9. Nxd2 Bd6 10. Bd3 Nd7 11. 0-0 Qc7 12. Nf3 Nf6 13. c5 Be7 14. Ne5 0-0 15. Qc2 g6 16. Rac1 Kg7 17. b4 Nd7 18. e4 f6 19. Nf3 a6 20. Rfe1 Rf7 21. Re3 Nf8 22. Rce1 g5 23. e5 f5 24. Nxg5 Bxg5 25. Rg3 h6 26. h4 Qe7 27. hxg5 hxg5 28. Rh3 Ng6 29. Bc1 Bd7 30. Rh5 Rh8 31. Bxg5 Rxh5 32. Bxe7 Nxe7 33. Re3 Kf8 34. Be2 Rh4 35. Rh3 Rxh3 36. gxh3 Rg7+ 37. Kf1 Be8 38. Qc3 Bg6 39. h4 Rh7 40. Qg3 Bh5 41. Qg5 Bxe2+ 42. Kxe2 Ke8 43. h5 Kf8 44. Qf6+ Ke8 45. h6 Kd7 46. f4 Ng8 47. Qg6 Rxh6 48. Qg7+ Ne7 49. Qxh6 Nc8 50. Qf8 1-0